Luther in mid-career, 1521-1530 /

Bibliographic Details
Main Author: Bornkamm, Heinrich, 1901-1977
Other Authors: Bornkamm, Karin, 1928-
Format: Book
Language:English
Published: Philadelphia : Fortress Press, [1983]
Subjects:

MARC

Tag First Indicator Second Indicator Subfields
LEADER 00000pam a2200000 a 4500
001 in00000540721
005 20151013172343.0
008 821220s1983 pau b 00110beng
010 |a  82048591  
020 |a 0800606922 :  |c $36.95 
035 |a (OCoLC)09131869 
035 |9 ACH2912AM 
039 0 |a 2  |b 3  |c 3  |d 3  |e 3 
040 |a DLC  |c DLC  |d TXA  |d UtOrBLW 
041 1 |a eng  |h ger 
049 |a TXAM  |c [936183] 
050 0 0 |a BR326.6  |b .B6713 1983 
082 0 |a 284.1/092/4  |a B  |2 19 
100 1 |a Bornkamm, Heinrich,  |d 1901-1977. 
240 1 0 |a Martin Luther in der Mitte seines Lebens.  |l English 
245 1 0 |a Luther in mid-career, 1521-1530 /  |c Heinrich Bornkamm ; edited, and with a forward [as printed] by Karin Bornkamm ; translated by E. Theodore Bachmann. 
264 1 |a Philadelphia :  |b Fortress Press,  |c [1983] 
264 4 |c ©1983 
300 |a xx, 709 pages ;  |c 24 cm. 
336 |a text  |b txt  |2 rdacontent 
337 |a unmediated  |b n  |2 rdamedia 
338 |a volume  |b nc  |2 rdacarrier 
500 |a Translation of: Martin Luther in der Mitte seines Lebens. 
500 |a Includes indexes. 
504 |a Bibliography: pages 683-685. 
600 1 0 |a Luther, Martin,  |d 1483-1546. 
650 0 |a Reformation  |v Biography. 
700 1 |a Bornkamm, Karin,  |d 1928- 
999 |a MARS 
999 f f |s f3b68a10-e434-36b2-aeaa-050e0acd631e  |i f0f7e2f4-9177-3784-8d3f-cf6794aeb72d  |t 0 
952 f f |p ric  |a Texas A&M University  |b Rellis Campus  |c Joint Library Facility  |d Remote Storage  |t 0  |e BR326.6 .B6713 1983  |h Library of Congress classification  |i unmediated -- volume  |m A14808790038 
998 f f |a BR326.6 .B6713 1983  |t 0  |l Remote Storage